[Event "Etna op 2nd"]
[Site "Nicolosi"]
[Date "2015.12.05"]
[Round "3"]
[White "Cannella, Carlo Umberto"]
[Black "Amberger, Dieter"]
[Result "0-1"]
[WhiteElo "1977"]
[BlackElo "2093"]
[PlyCount "102"]
[EventDate "2015.12.04"]
[EventType "swiss"]
[EventRounds "7"]
[EventCountry "ITA"]
[SourceTitle "CBM 170 Extra"]
[Source "ChessBase"]
[SourceDate "2016.02.25"]
[SourceVersion "1"]
[SourceVersionDate "2016.02.25"]
[SourceQuality "1"]

1. e4 c5 2. Nf3 Nc6 3. c4 e6 4. Nc3 Nf6 5. d4 cxd4 6. Nxd4 Bb4 7. Nxc6 bxc6 8. Bd3 e5 9. 0-0 0-0 10. Bg5 h6 11. Bh4 Be7 12. Qe2 d6 13. Rad1 Qb6 14. Kh1 Rb8 15. b3 Be6 16. Qd2 Rfe8 17. f4 exf4 18. Bf2 Qc7 19. Qxf4 Ng4 20. Bd4 Rb7 21. Ne2 c5 22. Ba1 Ne5 23. Qg3 Bf8 24. Nf4 Kh8 25. Be2 g6 26. Rf2 Bg7 27. Rdf1 Qe7 28. h4 Kg8 29. h5 g5 30. Nd3 Bc8 31. Qe3 Nxd3 32. Bxd3 Bxa1 33. Rxa1 f5 34. Re1 f4 35. Qd2 Qe5 36. Rd1 Rf7 37. Be2 g4 38. Qd5 Qxd5 39. Rxd5 Rxe4 40. g3 Bb7 41. Bxg4 Bxd5 42. cxd5 fxg3 43. Rxf7 Kxf7 44. Bf3 Rf4 45. Kg2 Rxf3 46. Kxf3 Kf6 47. Kxg3 Kg5 48. Kf3 Kxh5 49. Kf4 Kg6 50. Kg4 Kf6 51. Kf4 h5 0-1

[Event "Niederoesterreich Landesliga 1415"]
[Site "Austria"]
[Date "2015.03.22"]
[Round "11.3"]
[White "Amberger, Dieter"]
[Black "Bachmayer, Josef"]
[Result "1-0"]
[WhiteElo "2086"]
[BlackElo "2076"]
[PlyCount "129"]
[EventDate "2014.10.05"]
[EventType "team-tourn"]
[EventRounds "11"]
[EventCountry "AUT"]
[SourceTitle "EXT 2016"]
[Source "ChessBase"]
[SourceDate "2015.10.08"]
[SourceVersion "1"]
[SourceVersionDate "2015.10.08"]
[SourceQuality "1"]
[WhiteTeam "Stockerau II"]
[BlackTeam "Amstetten"]
[WhiteTeamCountry "AUT"]
[BlackTeamCountry "AUT"]

1. d4 f5 2. g3 g6 3. Bg2 Bg7 4. Nf3 Nf6 5. 0-0 0-0 6. c4 d6 7. Nc3 c6 8. d5 c5 9. Qc2 Na6 10. Rd1 Rb8 11. a3 Nc7 12. b4 Ne4 13. Bb2 Nxc3 14. Bxc3 Bxc3 15. Qxc3 b6 16. Rab1 Ba6 17. e3 Rc8 18. Rd2 Rf6 19. Rbd1 Qf8 20. h4 h6 21. a4 Kh7 22. b5 Bb7 23. a5 Rb8 24. Kf1 Qg7 25. Ke2 Rff8 26. Qa1 Qxa1 27. Rxa1 Ne8 28. axb6 axb6 29. Rda2 Nf6 30. Nd2 Ra8 31. Ra7 Kg7 32. f3 Kf7 33. Bh3 Rxa7 34. Rxa7 Rb8 35. e4 e6 36. dxe6+ Kxe6 37. exf5+ gxf5 38. g4 Ke5 39. Ke3 f4+ 40. Kd3 d5 41. g5 hxg5 42. hxg5 Ne8 43. cxd5 Nd6 44. Bd7 Bxd5 45. Ra1 Nf5 46. Nc4+ Bxc4+ 47. Kxc4 Rd8 48. Bc6 Ne3+ 49. Kc3 c4 50. Be4 Kd6 51. g6 Rd7 52. Rh1 Ke5 53. Rh7 Rd8 54. Rb7 Rg8 55. Rxb6 Nd5+ 56. Bxd5 Kxd5 57. Rf6 Ke5 58. Rc6 Kd5 59. Rxc4 Rxg6 60. Rxf4 Kc5 61. Rf5+ Kb6 62. Kb4 Rh6 63. f4 Rg6 64. Rf8 Rg4 65. Rf6+ 1-0

[Event "Niederoesterreich Landesliga 1415"]
[Site "Austria"]
[Date "2015.03.01"]
[Round "9.2"]
[White "Theissl Pokorna, Regina"]
[Black "Amberger, Dieter"]
[Result "1-0"]
[WhiteElo "2362"]
[BlackElo "2086"]
[PlyCount "79"]
[EventDate "2014.10.05"]
[EventType "team-tourn"]
[EventRounds "11"]
[EventCountry "AUT"]
[SourceTitle "EXT 2016"]
[Source "ChessBase"]
[SourceDate "2015.10.08"]
[SourceVersion "1"]
[SourceVersionDate "2015.10.08"]
[SourceQuality "1"]
[WhiteTeam "Bad Voeslau/Kottingbrunn"]
[BlackTeam "Stockerau II"]
[WhiteTeamCountry "AUT"]
[BlackTeamCountry "AUT"]

1. e4 c5 2. Nf3 Nc6 3. d4 cxd4 4. Nxd4 Nf6 5. Nc3 e5 6. Ndb5 d6 7. a4 a6 8. Na3 Bg4 9. Be2 Bxe2 10. Qxe2 d5 11. exd5 Nxd5 12. Nxd5 Qxd5 13. 0-0 Nd4 14. Qd3 0-0-0 15. Be3 Bc5 16. Rfd1 e4 17. Qc4 Qxc4 18. Nxc4 Rhf8 19. b4 Ne2+ 20. Kf1 Bxe3 21. Kxe2 Bd4 22. Rac1 Bc3 23. Nb6+ Kc7 24. Nd5+ Rxd5 25. Rxd5 Bxb4 26. Rd4 Ba3 27. Ra1 Bd6 28. Rxe4 f5 29. Rc4+ Kd7 30. Rb1 Rb8 31. a5 g5 32. h3 h5 33. Rc3 g4 34. hxg4 fxg4 35. g3 Bc7 36. Rd1+ Bd6 37. Rb1 Bc7 38. Rc5 Re8+ 39. Kf1 h4 40. Rxb7 1-0

[Event "Niederoesterreich Landesliga 1415"]
[Site "Austria"]
[Date "2015.02.15"]
[Round "8.3"]
[White "Danner, Lambert"]
[Black "Amberger, Dieter"]
[Result "1/2-1/2"]
[WhiteElo "2115"]
[BlackElo "2086"]
[PlyCount "37"]
[EventDate "2014.10.05"]
[EventType "team-tourn"]
[EventRounds "11"]
[EventCountry "AUT"]
[SourceTitle "EXT 2016"]
[Source "ChessBase"]
[SourceDate "2015.10.08"]
[SourceVersion "1"]
[SourceVersionDate "2015.10.08"]
[SourceQuality "1"]
[WhiteTeam "Boehlerwerk"]
[BlackTeam "Stockerau II"]
[WhiteTeamCountry "AUT"]
[BlackTeamCountry "AUT"]

1. g3 Nf6 2. Bg2 e6 3. Nf3 d5 4. c4 c6 5. 0-0 Nbd7 6. d4 Bd6 7. Nc3 0-0 8. Qd3 Re8 9. Bf4 dxc4 10. Qxc4 e5 11. dxe5 Nxe5 12. Nxe5 Bxe5 13. Rfd1 Qe7 14. Rd2 Be6 15. Qa4 Bxf4 16. Qxf4 Rad8 17. Rad1 Rxd2 18. Qxd2 Bf5 19. Qd4 1/2-1/2

[Event "Niederoesterreich Landesliga 1415"]
[Site "Austria"]
[Date "2014.10.05"]
[Round "1.3"]
[White "Wolfram, Bernd"]
[Black "Amberger, Dieter"]
[Result "1-0"]
[WhiteElo "2228"]
[BlackElo "2086"]
[PlyCount "77"]
[EventDate "2014.10.05"]
[EventType "team-tourn"]
[EventRounds "11"]
[EventCountry "AUT"]
[SourceTitle "EXT 2016"]
[Source "ChessBase"]
[SourceDate "2015.10.08"]
[SourceVersion "1"]
[SourceVersionDate "2015.10.08"]
[SourceQuality "1"]
[WhiteTeam "Mistelbach"]
[BlackTeam "Stockerau II"]
[WhiteTeamCountry "AUT"]
[BlackTeamCountry "AUT"]

1. c4 e5 2. g3 Nf6 3. Bg2 Bc5 4. Nc3 0-0 5. Nf3 d6 6. 0-0 Nc6 7. d3 h6 8. a3 a5 9. b3 Be6 10. Bb2 Qd7 11. e3 Bh3 12. d4 Bxg2 13. Kxg2 Bb6 14. Nd5 e4 15. Nxf6+ gxf6 16. Nh4 Kh7 17. Qh5 Rg8 18. Nf5 Rg6 19. f3 Re8 20. Kh1 d5 21. fxe4 Rxe4 22. Qf3 Qe6 23. Rae1 Rg5 24. Bc3 Kg6 25. Nh4+ Kg7 26. Nf5+ Kg6 27. Nh4+ Kg7 28. Ng2 Reg4 29. cxd5 Qxd5 30. Qxf6+ Kg8 31. e4 Qe6 32. d5 Qxf6 33. Bxf6 Ne5 34. Bxg5 hxg5 35. Re2 Bc5 36. Rf5 Nd3 37. Rf3 Ne5 38. Rc3 Bd6 39. h3 1-0

[Event "Heart of Finland op 24th"]
[Site "Jyvaskyla"]
[Date "2014.07.10"]
[Round "5"]
[White "Vul, Arkadi Eremeevich"]
[Black "Amberger, Dieter"]
[Result "1-0"]
[WhiteElo "2322"]
[BlackElo "2079"]
[PlyCount "81"]
[EventDate "2014.07.07"]
[EventType "swiss"]
[EventRounds "9"]
[EventCountry "FIN"]
[SourceTitle "CBM 161 Extra"]
[Source "ChessBase"]
[SourceDate "2014.08.29"]
[SourceVersion "1"]
[SourceVersionDate "2014.08.29"]
[SourceQuality "1"]

1. Nf3 d5 2. d4 Nf6 3. c4 e6 4. Nc3 c6 5. e3 Nbd7 6. Qc2 Bd6 7. b3 0-0 8. Be2 b6 9. 0-0 Bb7 10. Bb2 Qe7 11. e4 dxe4 12. Nxe4 Nxe4 13. Qxe4 Nf6 14. Qc2 c5 15. dxc5 Bxc5 16. Ng5 e5 17. Bf3 h6 18. Ne4 Nxe4 19. Bxe4 Rfe8 20. Rfe1 Bxe4 21. Qxe4 Rad8 22. Re2 f6 23. Bc3 Bd4 24. Bxd4 Rxd4 25. Qxd4 exd4 26. Rxe7 Rxe7 27. Kf1 Kf7 28. Re1 Rd7 29. Ke2 f5 30. Kd3 Kf6 31. b4 g5 32. f3 h5 33. Re2 g4 34. f4 h4 35. c5 bxc5 36. bxc5 h3 37. gxh3 gxh3 38. c6 Rc7 39. Rc2 Ke6 40. Kxd4 Kd6 41. Rc3 1-0

[Event "Heart of Finland op 24th"]
[Site "Jyvaskyla"]
[Date "2014.07.09"]
[Round "4"]
[White "Amberger, Dieter"]
[Black "Groetz, Harald"]
[Result "1/2-1/2"]
[WhiteElo "2079"]
[BlackElo "2331"]
[PlyCount "119"]
[EventDate "2014.07.07"]
[EventType "swiss"]
[EventRounds "9"]
[EventCountry "FIN"]
[SourceTitle "CBM 161 Extra"]
[Source "ChessBase"]
[SourceDate "2014.08.29"]
[SourceVersion "1"]
[SourceVersionDate "2014.08.29"]
[SourceQuality "1"]

1. d4 Nf6 2. c4 g6 3. Nc3 Bg7 4. e4 d6 5. f3 0-0 6. Be3 Nc6 7. Nge2 a6 8. Qd2 Rb8 9. Nc1 e5 10. d5 Nd4 11. Nb3 c5 12. dxc6 bxc6 13. Nxd4 exd4 14. Bxd4 Qa5 15. Ne2 Qc7 16. Rc1 Re8 17. Nc3 Qb7 18. b3 d5 19. cxd5 cxd5 20. e5 Nd7 21. f4 f6 22. e6 Nf8 23. f5 gxf5 24. Be2 Nxe6 25. Bh5 Rd8 26. Ne2 Qb4 27. Qxb4 Rxb4 28. Bc3 Rh4 29. Ba5 Rf8 30. Bf3 Bb7 31. g3 Re4 32. Bxe4 fxe4 33. Bb6 f5 34. Rd1 Ng5 35. Rf1 Nf3+ 36. Rxf3 exf3 37. Nf4 d4 38. Bxd4 Rd8 39. Ne6 Re8 40. Bxg7 Rxe6+ 41. Kf1 Kxg7 42. Rd7+ Kg6 43. Rxb7 Re2 44. Rb6+ Kg5 45. Rxa6 Rxh2 46. Ra7 h5 47. a4 Rb2 48. Rg7+ Kf6 49. Rb7 Ra2 50. a5 Rxa5 51. Kf2 Rd5 52. Kxf3 Rd3+ 53. Kf4 Rd4+ 54. Ke3 Re4+ 55. Kf3 h4 56. gxh4 Rxh4 57. b4 Ke5 58. Re7+ Kd6 59. Rf7 Rxb4 60. Rxf5 1/2-1/2

[Event "Heart of Finland op 24th"]
[Site "Jyvaskyla"]
[Date "2014.07.07"]
[Round "1"]
[White "Syvalahti, Heikki"]
[Black "Amberger, Dieter"]
[Result "1/2-1/2"]
[WhiteElo "1993"]
[BlackElo "2079"]
[PlyCount "112"]
[EventDate "2014.07.07"]
[EventType "swiss"]
[EventRounds "9"]
[EventCountry "FIN"]
[SourceTitle "EXT 2019"]
[Source "ChessBase"]
[SourceDate "2018.10.10"]
[SourceVersion "1"]
[SourceVersionDate "2018.10.10"]
[SourceQuality "1"]

1. Nf3 d5 2. c4 c6 3. cxd5 cxd5 4. d4 Nc6 5. Nc3 Nf6 6. Bf4 a6 7. Rc1 Bf5 8. e3 e6 9. Ne5 Nxe5 10. Bxe5 Bd6 11. Bxd6 Qxd6 12. Bd3 Bxd3 13. Qxd3 0-0 14. 0-0 Rfc8 15. Na4 Nd7 16. Rc2 b5 17. Nc3 Rc6 18. Rfc1 Rac8 19. Ne2 Nf6 20. b3 Nd7 21. h3 g6 22. Qd2 Kg7 23. Rxc6 Rxc6 24. Rxc6 Qxc6 25. Qc3 Qxc3 26. Nxc3 Kf6 27. Kf1 Ke7 28. Ke2 Kd6 29. Kd3 Kc6 30. a3 a5 31. f3 Nf6 32. Nd1 Ne8 33. Nf2 h5 34. Ke2 a4 35. bxa4 bxa4 36. Nd3 Kb5 37. Ne5 Nd6 38. Kd3 g5 39. e4 dxe4+ 40. fxe4 h4 41. Nf3 f6 42. e5 fxe5 43. dxe5 Nf7 44. Kd4 Nh6 45. Nxg5 Nf5+ 46. Kd3 Kc5 47. Nxe6+ Kd5 48. Nf4+ Kxe5 49. Ne2 Nd6 50. Kc3 Ke4 51. Ng1 Kf4 52. Ne2+ Ke3 53. Ng1 Kf2 54. Nf3 Kxg2 55. Nxh4+ Kxh3 56. Ng6 Nb5+ 1/2-1/2

[Event "Brno Duras op-A"]
[Site "Brno"]
[Date "2012.06.29"]
[Round "8"]
[White "Amberger, Dieter"]
[Black "Sremanak, Slavomir"]
[Result "0-1"]
[WhiteElo "2104"]
[BlackElo "2131"]
[PlyCount "80"]
[EventDate "2012.06.23"]
[EventType "tourn"]
[EventRounds "9"]
[EventCountry "CZE"]
[SourceTitle "CBM 149 Extra"]
[Source "ChessBase"]
[SourceDate "2012.08.24"]
[SourceVersion "1"]
[SourceVersionDate "2012.08.24"]
[SourceQuality "1"]

1. d4 d5 2. c4 c6 3. Nf3 e6 4. e3 Nf6 5. Nc3 Nbd7 6. Bd3 a6 7. b3 Bd6 8. Qc2 0-0 9. 0-0 Qe7 10. e4 dxe4 11. Nxe4 Nxe4 12. Bxe4 f5 13. Bd3 c5 14. Re1 cxd4 15. Nxd4 Be5 16. Bb2 Qf6 17. Rad1 Bxd4 18. Bxd4 Qxd4 19. Bxf5 Qf6 20. Bxe6+ Rf7 21. Rd3 Ne5 22. Bxf7+ Kxf7 23. Rde3 Bf5 24. Qe2 Nc6 25. Re8 Rd8 26. Rxd8 Qxd8 27. Qh5+ Bg6 28. Qf3+ Qf6 29. Qd5+ Kf8 30. g3 Bf5 31. b4 g6 32. b5 axb5 33. cxb5 Nd4 34. Qxb7 Bg4 35. Qe4 Nf3+ 36. Kg2 Nxe1+ 37. Qxe1 Qf3+ 38. Kg1 Bh3 39. Qb4+ Ke8 40. Qe1+ Kf7 0-1

[Event "Brno Duras op-A"]
[Site "Brno"]
[Date "2012.06.26"]
[Round "5"]
[White "Majer, Jiri Sr"]
[Black "Amberger, Dieter"]
[Result "1/2-1/2"]
[WhiteElo "2043"]
[BlackElo "2104"]
[PlyCount "36"]
[EventDate "2012.06.23"]
[EventType "tourn"]
[EventRounds "9"]
[EventCountry "CZE"]
[SourceTitle "CBM 149 Extra"]
[Source "ChessBase"]
[SourceDate "2012.08.24"]
[SourceVersion "1"]
[SourceVersionDate "2012.08.24"]
[SourceQuality "1"]

1. d4 Nf6 2. Nf3 g6 3. g3 Bg7 4. Bg2 d5 5. c4 c6 6. 0-0 0-0 7. Nc3 dxc4 8. Ne5 Be6 9. e4 Nfd7 10. f4 Nxe5 11. fxe5 Qb6 12. Na4 Qc7 13. Be3 Na6 14. Qf3 h5 15. Nc3 Rad8 16. a3 Bd7 17. Bf4 Qb6 18. Be3 Qc7 1/2-1/2

[Event "Olomouc op"]
[Site "Olomouc"]
[Date "2011.08.06"]
[Round "3"]
[White "Rojicek, Vojtech"]
[Black "Amberger, Dieter"]
[Result "1/2-1/2"]
[WhiteElo "2396"]
[BlackElo "2083"]
[PlyCount "55"]
[EventDate "2011.08.04"]
[EventType "swiss"]
[EventRounds "9"]
[EventCountry "CZE"]
[SourceTitle "CBM 143 Extra"]
[Source "ChessBase"]
[SourceDate "2011.08.29"]
[SourceVersion "1"]
[SourceVersionDate "2011.08.29"]
[SourceQuality "1"]

1. e4 c5 2. Nf3 Nc6 3. d4 cxd4 4. Nxd4 Nf6 5. Nc3 e5 6. Ndb5 d6 7. Bg5 a6 8. Na3 b5 9. Nd5 Be7 10. Bxf6 Bxf6 11. c3 0-0 12. Nc2 Bg5 13. a4 bxa4 14. Rxa4 a5 15. Bc4 Rb8 16. b3 Kh8 17. 0-0 f5 18. exf5 Bxf5 19. Ra2 Bg6 20. Re1 Rb7 21. Nce3 e4 22. Nf1 Ne5 23. Ng3 Nxc4 24. bxc4 e3 25. fxe3 Rb1 26. Qd2 Rxe1+ 27. Qxe1 Bd3 28. Ra4 1/2-1/2

[Event "Arctic Chess Challenge"]
[Site "Tromsoe"]
[Date "2009.08.01"]
[Round "1"]
[White "Malakhatko, Vadim"]
[Black "Amberger, Dieter"]
[Result "1-0"]
[WhiteElo "2570"]
[BlackElo "2057"]
[PlyCount "75"]
[EventDate "2009.08.01"]
[EventType "swiss"]
[EventRounds "9"]
[EventCountry "NOR"]
[SourceTitle "CBM 131 Extra"]
[Source "ChessBase"]
[SourceDate "2009.09.03"]
[SourceVersion "2"]
[SourceVersionDate "2009.09.16"]
[SourceQuality "1"]

1. d4 d5 2. c4 c6 3. Nc3 Nf6 4. e3 e6 5. Nf3 Nbd7 6. Bd3 dxc4 7. Bxc4 b5 8. Bd3 a6 9. a4 b4 10. Ne4 c5 11. Nxf6+ Nxf6 12. dxc5 Bxc5 13. Qe2 0-0 14. 0-0 Bb7 15. e4 h6 16. Bf4 Qe7 17. Rac1 Rfd8 18. e5 Nd5 19. Bg3 Nb6 20. a5 Nd7 21. Be4 Bxe4 22. Qxe4 Rac8 23. Bh4 g5 24. Bg3 h5 25. h4 g4 26. Ng5 Nf8 27. Qe2 Qb7 28. Ne4 Be7 29. Nd6 Bxd6 30. exd6 Qd5 31. Rc7 Qxa5 32. Rfc1 Rxc7 33. dxc7 Rc8 34. Qd2 Kg7 35. Qd6 Qd5 36. Qxa6 Qd7 37. Kh2 f6 38. Rd1 1-0

[Event "North Sea Cup 23th"]
[Site "Esbjerg"]
[Date "2008.07.13"]
[Round "4"]
[White "Amberger, Dieter"]
[Black "Andersen, Jackie"]
[Result "1/2-1/2"]
[WhiteElo "2110"]
[BlackElo "2300"]
[PlyCount "54"]
[EventDate "2008.07.11"]
[EventType "swiss"]
[EventRounds "10"]
[EventCountry "DEN"]
[SourceTitle "CBM 125 Extra"]
[Source "ChessBase"]
[SourceDate "2008.09.01"]
[SourceVersion "1"]
[SourceVersionDate "2008.09.01"]
[SourceQuality "1"]

1. d4 g6 2. e4 Nf6 3. Nc3 d5 4. e5 Ne4 5. Nxe4 dxe4 6. Bc4 Bg7 7. Be3 c5 8. c3 cxd4 9. cxd4 Nc6 10. Qd2 0-0 11. Ne2 Na5 12. b3 b6 13. 0-0 Nxc4 14. bxc4 Ba6 15. Rfc1 Rc8 16. Qb4 Qc7 17. Ng3 Bxc4 18. Nxe4 a5 19. Qa3 Qb7 20. f3 Bd5 21. Nc3 Bxf3 22. gxf3 Qxf3 23. Nb5 Qg4+ 24. Kf2 Qh4+ 25. Kg2 Qg4+ 26. Kf2 Qh4+ 27. Kg2 Qg4+ 1/2-1/2